000 00928cad a22002055a 4500
001 E152364
008 110228e20110201xxk 000 0 eng d
035 _a(Sirsi) u152364
041 0 _aeng
110 2 _aRegisters of Scotland
_95601
245 0 0 _aValue holds but volumes drop
_h[electronic resource]
260 _c2010
490 _aRegisters of Scotland News Release
_v1 February 2011
520 _aReports that sales transactions in Scotland for Q3 2010/2011 fell by increased by 7.9% when compared to Q3 2009/2010. The average price for a residential property in Scotland was £158 213 in Q3 2010/2011, an increase of 1.7% compared to Q3 2009/2010.
590 _aKA NTK
651 4 _aScotland
_y1999-
690 _aPROPERTY-RESIDENTIAL PROPERTY-RESIDENTIAL PROPERTY MARKET
856 4 0 _uhttps://www.ros.gov.uk/public/news/2010/1_feb_2011.html
_zView the press release free of charge at www.ros.gov.uk...
942 _n0
999 _c82950
_d82950